000 00724nam a2200241 a 4500
001 000023090
003 OSt
005 20240411201133.0
008 101126s1986 sp r 000 | spa d
020 _a8471629844
040 _aDO-SdBNP
_bspa
_cBNPHU
049 _aBNGR
082 _a345
_bH638i
100 1 _aHiguera Guimerá, Juan-Felipe
_947538
245 1 0 _aIniciación a la práctica del derecho penal :
_bcasos prácticos /
_cJuan-Felipe Higuera Guimerá.
260 _aBarcelona :
_bBosch,
_c1986.
300 _a243 p. ;
_c24 cm.
500 _aIncluye bibliografía
500 _aIncluye notas al pie de páginas
650 0 _aDerecho penal
_917405
650 4 _aPráctica de juicios
_934759
942 _2ddc
_cLBS1
999 _c22587
_d22587